000 01311pam a2200325 a 4500
001 2033679
003 OSt
005 20231216091110.0
008 921124s1994 nyua 001 0 eng
010 _a 92041809
020 _a0070080194
040 _aDLC
_cDLC
_dDLC
050 0 0 _aQA372
_b.B856 1994
082 0 0 _a515.35 BRO 1994
_220
100 1 _aBronson, Richard.
_9750
245 1 0 _aSchaum's Outline of Theory and Problems of Differential Equations
250 _a2nd ed.
260 _aNew York;
_bMcGraw-Hill,
_cc1994.
300 _ax, 358 p. :
_bill. ;
_c28 cm.
500 _aUpdated ed. of Schaum's outline of modern introductory differential equations. c1973.
500 _aIncludes index.
650 0 _aDifferential equations.
_9751
740 0 _aDifferential equations.
856 4 2 _3Publisher description
_uhttp://www.loc.gov/catdir/description/mh022/92041809.html
856 4 1 _3Table of contents only
_uhttp://www.loc.gov/catdir/toc/mh021/92041809.html
856 4 2 _3Contributor biographical information
_uhttp://www.loc.gov/catdir/enhancements/fy0661/92041809-b.html
906 _a7
_bcbc
_corignew
_d1
_eocip
_f19
_gy-gencatlg
942 _2z
_cB_BANK
999 _c277
_d277